A portrait of lost Tibet /

Bibliographic Details
Main Author: Tung, Rosemary Jones
Format: Book
Language:English
Published: Ithaca, N.Y., USA : Snow Lion Publications, 1987
Subjects:

MARC

Tag First Indicator Second Indicator Subfields
LEADER 00000cam a2200000 a 4500
001 in00000026093
005 20151007055814.0
008 870519r19871980nyua b 00010aeng
010 |a  87012986  
020 |a 0937938513 (pbk.) :  |c $15.95 
035 |a (OCoLC)15855996 
035 |9 AAB9307AM 
040 |a DLC  |c DLC  |d TXA  |d UtOrBLW 
043 |a a-cc-ti 
049 |a TXAM  |c [A11496342] 
050 0 0 |a DS786  |b .T86 1987 
082 0 |a 951/.5  |2 19 
100 1 |a Tung, Rosemary Jones. 
245 1 2 |a A portrait of lost Tibet /  |c Rosemary Jones Tung ; ornamental art by Zlatko Paunov. 
264 1 |a Ithaca, N.Y., USA :  |b Snow Lion Publications,  |c 1987 
264 4 |c ©1980 
300 |a xvi, 224 pages :  |b illustrations ;  |c 24 cm. 
336 |a text  |b txt  |2 rdacontent 
337 |a unmediated  |b n  |2 rdamedia 
338 |a volume  |b nc  |2 rdacarrier 
500 |a Reprint. Originally published: New York : Holt, Rinehart, and Winston, c1980. 
504 |a Bibliography: pages 223-224. 
651 0 |a Tibet Autonomous Region (China)  |x Description and travel. 
600 1 0 |a Tung, Rosemary Jones  |x Travel  |z China  |z Tibet Autonomous Region. 
999 |a MARS 
999 f f |s ae3dd553-7b3d-334d-a734-33fdafb10874  |i 38dea913-1c2b-3108-8123-f395efff685f  |t 0 
952 f f |p normal  |a Texas A&M University  |b College Station  |c Sterling C. Evans Library  |d Evans: Library Stacks  |t 0  |e DS786 .T86 1987  |h Library of Congress classification  |i unmediated -- volume  |m A14811496342 
998 f f |a DS786 .T86 1987  |t 0  |l Evans: Library Stacks